000
00350pab a2200157 454500
008
180718b2008 xxu||||| |||| 00| 0 eng d
100
_a
Singh, Gurmeet
245
_a
Problem of rural indebtness
260
_c
2008
300
_a
p.32-34.
362
_a
Apr
650
_a
Rural development
773
_a
Kurukshetra
908
_a
N
909
_a
77787
999
_c
77787
_d
77787